| 000 | 00683nam a2200253Ia 4500 | ||
|---|---|---|---|
| 003 | OSt | ||
| 005 | 20220924122547.0 | ||
| 006 | a|||||r|||| 00| 0 | ||
| 007 | ta | ||
| 008 | 220923b |||||||| |||| 00| 0 urd d | ||
| 024 | _a322390 | ||
| 037 | _cTextual | ||
| 040 |
_aARTS _cARTS _burd |
||
| 041 |
_2urd _aurd |
||
| 082 | _aR65,6, 168B1 | ||
| 100 |
_aKhushtar Jagan Nath Au. _9189928 |
||
| 245 | 0 | _aBhagwad nazm Urdu | |
| 260 |
_aLuckhnow _bMunshi Naval Kishore India _c1881 |
||
| 300 |
_a132p. _ccm. |
||
| 650 | _a PHILOSOPHY | ||
| 650 | _aBHAGAVAD GITA | ||
| 942 |
_hR65,6, 168B1 _cTEXL _2CC |
||
| 999 |
_c412142 _d412142 |
||